000 00662nam a2200205Ia 4500
005 20250508163459.0
008 008 250505s9999 xx 000 0 eng d
020 _a92-803-1083-6
037 _aTextual
040 _aFEDL
_beng
_cFEDL
041 _aeng
_2eng
084 _a331.114 23, UNE
_qFEDL
245 0 _aEducation, work and employment, V 1
245 0 _cUnited Nations Educational, Scientific and Cultural Organization
260 _aParis, France
_bUnited Nations Educational, Scientific And Cultural Organization
_c1980
300 _a320p
650 _aEconomics
942 _cTEXL
_h331.114 23, UNE
999 _c1383581
_d1383581